[Event "2. Bundesliga West 2010/11"]
[Site "Hohenems"]
[Date "2011.01.29"]
[Round "7"]
[Board "2"]
[White "Berchtenbreiter, Maximilian"]
[Black "Novkovic, Julia"]
[Result "1/2-1/2"]
[WhiteElo "2232"]
[BlackElo "2157"]
[PlyCount "72"]
[EventDate "2010.10.15"]
[EventType "team"]
[EventRounds "11"]
[EventCountry "AUT"]
[WhiteTeam "Hypo Kufstein"]
[BlackTeam "Dornbirn"]

1.e4 c5 2.Nf3 Nc6 3.d4 cxd4 4.Nxd4 Nf6 5.Nc3 d6 6.Bc4 a6 7.Bb3 Bd7 8.f3 h5 9.Bg5
Qa5 10.h4 Rc8 11.O-O Nh7 12.Be3 g5 13.Nd5 gxh4 14.Nf5 Bxf5 15.Bb6 Bg6 16.Bxa5
Nxa5 17.Qe1 Nxb3 18.cxb3 e6 19.Rc1 Rxc1 20.Qxc1 exd5 21.Qc8+ Ke7 22.exd5 Rg8
23.f4 Be4 24.Re1 Nf6 25.Qxb7+ Ke8 26.Qc8+ Ke7 27.Kf1 Rg4 28.Qf5 Bh6 29.Rxe4+
Nxe4 30.Qxe4+ Kf6 31.Qd4+ Kg6 32.Qd3+ f5 33.Qxa6 Bxf4 34.a4 Bg3 35.Ke2 Be5
36.Kf1 Re4 1/2-1/2

[Event "2. Bundesliga West 2010/11"]
[Site "Hohenems"]
[Date "2011.01.29"]
[Round "7"]
[Board "3"]
[White "Karrer, Damian"]
[Black "Neuschmied, Siegfried"]
[Result "0-1"]
[WhiteElo "2194"]
[BlackElo "2309"]
[PlyCount "94"]
[EventDate "2010.10.15"]
[EventType "team"]
[EventRounds "11"]
[EventCountry "AUT"]
[WhiteTeam "Dornbirn"]
[BlackTeam "Hypo Kufstein"]

1.e4 c5 2.Nf3 e6 3.d4 cxd4 4.Nxd4 a6 5.c4 Nf6 6.Nc3 Bb4 7.Bd3 Nc6 8.Nde2 d5
9.exd5 exd5 10.O-O dxc4 11.Bxc4 O-O 12.Qb3 Bd6 13.Qc2 Nb4 14.Qb3 b5 15.Bxb5 axb5
16.Nxb5 Be6 17.Qd1 Be7 18.Ned4 Bc4 19.Re1 Bxb5 20.Nxb5 Qxd1 21.Rxd1 Nc2 22.Rb1
Rxa2 23.Bf4 Ra5 24.Nc3 Nb4 25.Bd6 Ra7 26.h4 h6 27.g3 Rc8 28.Kg2 Rb7 29.Bxe7 Rxe7
30.Rd2 Rb7 31.Kg1 Rc4 32.Kg2 Kh7 33.Kf3 Nc6 34.Rbd1 Rcb4 35.Rb1 Rb3 36.Rc1 Na5
37.Rcc2 Nc4 38.Re2 Nd5 39.Kg2 Nb4 40.Rc1 Nd3 41.Rcc2 Ndxb2 42.Ne4 R7b5 43.Nc3
Ra5 44.Re7 Kg6 45.Ne2 Rc5 46.Nf4+ Kf6 47.Ra7 Ne3+ 0-1

[Event "2. Bundesliga West 2010/11"]
[Site "Hohenems"]
[Date "2011.01.29"]
[Round "7"]
[Board "5"]
[White "Natter, Markus"]
[Black "Rusche, Johannes"]
[Result "0-1"]
[WhiteElo "2117"]
[BlackElo "2234"]
[PlyCount "44"]
[EventDate "2010.10.15"]
[EventType "team"]
[EventRounds "11"]
[EventCountry "AUT"]
[WhiteTeam "Dornbirn"]
[BlackTeam "Hypo Kufstein"]

1.e4 c5 2.c3 Nf6 3.e5 Nd5 4.Nf3 Nc6 5.Bc4 Nb6 6.Bb3 d5 7.exd6 Qxd6 8.d4 cxd4
9.O-O Bf5 10.cxd4 e6 11.Nc3 Be7 12.a3 O-O 13.d5 exd5 14.Nxd5 Nxd5 15.Qxd5 Qg6
16.Re1 Bf6 17.Bd1 Rad8 18.Qb3 Be4 19.Rxe4 Qxe4 20.Bc2 Nd4 21.Qxf7+ Rxf7 22.Bxe4
Nb3 0-1

[Event "2. Bundesliga West 2010/11"]
[Site "Hohenems"]
[Date "2011.01.29"]
[Round "7"]
[Board "6"]
[White "Maurer, Jochen"]
[Black "Kessler, Luca"]
[Result "1/2-1/2"]
[WhiteElo "2215"]
[BlackElo "2097"]
[PlyCount "119"]
[EventDate "2010.10.15"]
[EventType "team"]
[EventRounds "11"]
[EventCountry "AUT"]
[WhiteTeam "Hypo Kufstein"]
[BlackTeam "Dornbirn"]

1.d4 d5 2.c4 e6 3.Nc3 Bb4 4.e3 Nf6 5.a3 Bxc3+ 6.bxc3 O-O 7.Bd3 b6 8.Ne2 c6 9.O-O
Ba6 10.cxd5 Bxd3 11.Qxd3 cxd5 12.c4 Nc6 13.cxd5 exd5 14.Bd2 Rc8 15.Rfc1 Qd7
16.Ng3 Rfe8 17.Qf5 Qxf5 18.Nxf5 Ne4 19.Bb4 g6 20.Ng3 Nxg3 21.hxg3 f5 22.Kf1 Kf7
23.Rc2 Ke6 24.Rac1 Kd7 25.Ke1 Nb8 26.Kd2 Rxc2+ 27.Rxc2 Nc6 28.Kd3 Rc8 29.Bd2 Ne7
30.Rxc8 Nxc8 31.f3 Nd6 32.g4 Nc4 33.gxf5 gxf5 34.Bb4 a5 35.Bf8 Ke8 36.Bh6 Nxa3
37.e4 fxe4+ 38.fxe4 Kd7 39.exd5 Nb5 40.Ke4 Nc3+ 41.Kd3 Nxd5 42.Bd2 Kc6 43.g4 a4
44.Bh6 Nf6 45.g5 Nd7 46.Kc4 b5+ 47.Kb4 Kd5 48.Bg7 Nb6 49.Bf8 Nc4 50.Bc5 a3
51.Kb3 Nd2+ 52.Kxa3 Kc4 53.Be7 Nb1+ 54.Kb2 Nc3 55.Kc2 b4 56.Bxb4 Kxb4 57.Kd3 Nd5
58.Ke4 Kc4 59.Ke5 Nc7 60.g6 1/2-1/2

[Event "2. Bundesliga West 2010/11"]
[Site "Hohenems"]
[Date "2011.01.29"]
[Round "7"]
[Board "1"]
[White "Gaertner, Guntram"]
[Black "Schmidt, Georg"]
[Result "1/2-1/2"]
[WhiteElo "2329"]
[BlackElo "2362"]
[PlyCount "105"]
[EventDate "2010.10.15"]
[EventType "team"]
[EventRounds "11"]
[EventCountry "AUT"]
[WhiteTeam "Hohenems II"]
[BlackTeam "Mozart 1910"]

1.d4 Nf6 2.c4 c5 3.d5 e5 4.Nc3 d6 5.e4 Be7 6.Nf3 Nbd7 7.Be2 O-O 8.O-O Ne8 9.a3
g6 10.Bh6 Ng7 11.Qd2 Nf6 12.b4 b6 13.Ne1 Ng4 14.Bxg4 Bxg4 15.f4 exf4 16.Qxf4 f5
17.Nf3 fxe4 18.Qxg4 exf3 19.Bxg7 Kxg7 20.Rxf3 Rxf3 21.Qxf3 Bf6 22.Rf1 Qe7 23.g3
Re8 24.bxc5 bxc5 25.Ne2 Qe3+ 26.Qxe3 Rxe3 27.Nf4 Bd4 28.Kg2 Kf6 29.Rf3 Re4
30.Ne6+ Ke7 31.Ng5 Re2+ 32.Kf1 Rxh2 33.Rf7+ Ke8 34.Rxa7 Be5 35.Nxh7 Bxg3 36.Nf6+
Kd8 37.Ne4 Be5 38.Ra6 Kc7 39.Ra7+ Kb8 40.Ra6 Kc7 41.Ra7+ Kd8 42.Ra8+ Ke7 43.Ra7+
Kf8 44.Ra6 Rc2 45.Nxd6 Bxd6 46.Rxd6 Kf7 47.a4 Rxc4 48.a5 Ra4 49.a6 g5 50.Rc6 Ke7
51.Rxc5 Rxa6 52.d6+ Rxd6 53.Rxg5 1/2-1/2

[Event "2. Bundesliga West 2010/11"]
[Site "Hohenems"]
[Date "2011.01.29"]
[Round "7"]
[Board "2"]
[White "Panteleev, Petar"]
[Black "Atlas, Dimitry"]
[Result "1/2-1/2"]
[WhiteElo "2329"]
[BlackElo "2344"]
[PlyCount "62"]
[EventDate "2010.10.15"]
[EventType "team"]
[EventRounds "11"]
[EventCountry "AUT"]
[WhiteTeam "Mozart 1910"]
[BlackTeam "Hohenems II"]

1.d4 d5 2.c4 c6 3.Nf3 e6 4.Qc2 Nf6 5.Nbd2 Nbd7 6.g3 b5 7.b3 Bb7 8.Bg2 Bd6 9.O-O
O-O 10.e4 dxe4 11.Ng5 bxc4 12.bxc4 c5 13.dxc5 Nxc5 14.Ndxe4 Ncxe4 15.Nxe4 Bxe4
16.Bxe4 Nxe4 17.Qxe4 Qf6 18.Rb1 Bc5 19.Bb2 Qg6 20.Qxg6 hxg6 21.Bc3 Rfd8 22.Rfd1
Rac8 23.Rxd8+ Rxd8 24.Kf1 Rd3 25.Rc1 Rf3 26.Be1 e5 27.Rc3 Rf6 28.Rb3 Bd4 29.Ke2
e4 30.Rb8+ Kh7 31.Re8 Ra6 1/2-1/2

[Event "2. Bundesliga West 2010/11"]
[Site "Hohenems"]
[Date "2011.01.29"]
[Round "7"]
[Board "3"]
[White "Feistenauer, Fred"]
[Black "Hanel, Reinhard"]
[Result "1-0"]
[WhiteElo "2224"]
[BlackElo "2275"]
[PlyCount "73"]
[EventDate "2010.10.15"]
[EventType "team"]
[EventRounds "11"]
[EventCountry "AUT"]
[WhiteTeam "Hohenems II"]
[BlackTeam "Mozart 1910"]

1.e4 c5 2.Nf3 Nc6 3.Bb5 g6 4.Bxc6 dxc6 5.d3 Bg7 6.h3 Nf6 7.Nc3 O-O 8.Be3 b6
9.Qd2 Ba6 10.Bh6 c4 11.d4 b5 12.Bxg7 Kxg7 13.e5 Nd5 14.Ne4 b4 15.h4 c3 16.bxc3
Nxc3 17.Nc5 Bc4 18.h5 Rh8 19.Qf4 f6 20.Rh3 Rb8 21.Nd2 Bd5 22.a3 g5 23.Qf5 Qc8
24.Qxc8 Rhxc8 25.axb4 Nb5 26.c4 Nxd4 27.Rxa7 Bf7 28.Rxe7 fxe5 29.Nde4 h6 30.Nd6
Rf8 31.Nd7 Rbd8 32.c5 Rxd7 33.Rxd7 Kf6 34.Rxf7+ Rxf7 35.Nxf7 Kxf7 36.Kd2 Ke6
37.Ra3 1-0

[Event "2. Bundesliga West 2010/11"]
[Site "Hohenems"]
[Date "2011.01.29"]
[Round "7"]
[Board "4"]
[White "Hamberger, Hermann"]
[Black "Burschowsky, Matthias"]
[Result "1/2-1/2"]
[WhiteElo "2123"]
[BlackElo "2208"]
[PlyCount "67"]
[EventDate "2010.10.15"]
[EventType "team"]
[EventRounds "11"]
[EventCountry "AUT"]
[WhiteTeam "Mozart 1910"]
[BlackTeam "Hohenems II"]

1.e4 g6 2.d4 Bg7 3.Nc3 d5 4.exd5 Nf6 5.Bc4 Nbd7 6.Bg5 Nb6 7.Bxf6 Bxf6 8.Bb3 O-O
9.Nge2 Bg4 10.f3 Bh4+ 11.Ng3 Bc8 12.Qd2 a5 13.a4 c6 14.dxc6 bxc6 15.O-O-O e5
16.Nge4 exd4 17.Qxd4 Qxd4 18.Rxd4 Be7 19.Nd2 Bf5 20.Nc4 Bc5 21.Nxb6 Bxd4 22.Nxa8
Rxa8 23.Re1 Bf6 24.g4 Bd7 25.Ne4 Be7 26.Rd1 Rd8 27.c3 Kg7 28.Kc2 c5 29.c4 f5
30.gxf5 Bxf5 31.Rxd8 Bxd8 32.Kd2 Bxe4 33.fxe4 Kf6 34.Bc2 1/2-1/2

[Event "2. Bundesliga West 2010/11"]
[Site "Hohenems"]
[Date "2011.01.29"]
[Round "7"]
[Board "5"]
[White "Sandholzer, Robert"]
[Black "Peterwagner, Heinz"]
[Result "1/2-1/2"]
[WhiteElo "2095"]
[BlackElo "2156"]
[PlyCount "46"]
[EventDate "2010.10.15"]
[EventType "team"]
[EventRounds "11"]
[EventCountry "AUT"]
[WhiteTeam "Hohenems II"]
[BlackTeam "Mozart 1910"]

1.e4 c5 2.c3 d5 3.exd5 Qxd5 4.d4 Nc6 5.Nf3 Bg4 6.dxc5 Qxc5 7.Be3 Qa5 8.Nbd2 Nf6
9.Qb3 Qc7 10.Bb5 Bd7 11.O-O-O e6 12.h3 Be7 13.Kb1 O-O 14.Bg5 Na5 15.Qa4 Bxb5
16.Qxb5 a6 17.Qe2 Rac8 18.Ne4 Nd5 19.Bxe7 Qxe7 20.Neg5 Qf6 21.Qe4 g6 22.Qe5 Qxe5
23.Nxe5 Nc4 1/2-1/2

[Event "2. Bundesliga West 2010/11"]
[Site "Hohenems"]
[Date "2011.01.30"]
[Round "8"]
[Board "1"]
[White "Gaertner, Guntram"]
[Black "Heinzel, Olaf"]
[Result "1/2-1/2"]
[WhiteElo "2329"]
[BlackElo "2327"]
[PlyCount "297"]
[EventDate "2010.10.15"]
[EventType "team"]
[EventRounds "11"]
[EventCountry "AUT"]
[WhiteTeam "Hohenems II"]
[BlackTeam "Rochade Rum"]

1.d4 d5 2.c4 c6 3.cxd5 cxd5 4.Nf3 Nf6 5.Nc3 e6 6.Bf4 Bd6 7.Bxd6 Qxd6 8.e3 O-O
9.Bd3 Nc6 10.O-O e5 11.Nb5 Qe7 12.dxe5 Nxe5 13.Nbd4 Nxd3 14.Qxd3 Bg4 15.Rac1
Rac8 16.h3 Bxf3 17.Nxf3 a6 18.Qf5 Rxc1 19.Rxc1 Qb4 20.Qe5 Re8 21.Qd4 Qxd4
22.Nxd4 g6 23.Rc7 Rb8 24.g4 h6 25.Nf3 Ne8 26.Rc5 Rd8 27.b4 Kf8 28.b5 Ke7 29.bxa6
bxa6 30.Nd4 Rd6 31.Rc8 Rb6 32.Nb3 Kd7 33.Ra8 Nc7 34.Rh8 Rc6 35.Rxh6 Rc2 36.h4
Rxa2 37.h5 gxh5 38.gxh5 Ne6 39.Rh8 Ra4 40.f4 Ke7 41.h6 Nxf4 42.exf4 Rxf4 43.Ra8
Rh4 44.Nd4 Rh5 45.Rxa6 Kf8 46.Kf2 Kg8 47.Rf6 Rh4 48.Nf3 Rh5 49.Nd4 Rh4 50.Ke3
Re4+ 51.Kd3 Kh7 52.Nf5 Kg8 53.Rd6 Re5 54.Ng7 Kh7 55.Rf6 Re4 56.Kc3 Kg8 57.Rd6
Kh7 58.Kd3 Re5 59.Rf6 Re4 60.Kc3 Rc4+ 61.Kd2 Re4 62.Kd3 Kg8 63.Rd6 Rh4 64.Nf5
Rf4 65.Rxd5 Kh7 66.Ke3 Rf1 67.Ke4 Kg6 68.Ra5 f6 69.Rb5 Rf2 70.Ke3 Rf1 71.Ra5 Rb1
72.Rd5 Ra1 73.Kf3 Ra3+ 74.Kg4 Ra4+ 75.Kg3 Ra3+ 76.Kf2 Ra2+ 77.Ke3 Ra8 78.Kd4 Ra1
79.Kc5 Rc1+ 80.Kd6 Re1 81.Ra5 Re2 82.Ra8 Rh2 83.Ne7+ Kh7 84.Ng8 Re2 85.Rb8 f5
86.Ne7 Kxh6 87.Rg8 f4 88.Nf5+ Kh5 89.Kd5 Re1 90.Nd4 Re3 91.Rg1 f3 92.Nf5 Ra3
93.Ke4 f2 94.Rf1 Ra2 95.Kf3 Kg5 96.Ng3 Kf6 97.Ne4+ Kf5 98.Nxf2 Ra3+ 99.Kg2 Ke5
100.Rd1 Kf4 101.Rd4+ Ke5 102.Rh4 Kf5 103.Kf1 Ra2 104.Rb4 Ke5 105.Rb3 Kf5 106.Kg2
Kf4 107.Rb4+ Kf5 108.Kf3 Ra3+ 109.Ke2 Ra8 110.Nd3 Rh8 111.Rf4+ Kg5 112.Rf3 Re8+
113.Kf2 Ra8 114.Kg3 Ra3 115.Re3 Kf6 116.Kf4 Ra4+ 117.Kf3 Ra3 118.Ke4 Ra4+
119.Kd5 Kf5 120.Rf3+ Kg5 121.Rf1 Kg4 122.Ne5+ Kg3 123.Nc4 Ra8 124.Ke4 Ra4
125.Rc1 Ra8 126.Rc3+ Kf2 127.Rc2+ Kg3 128.Rb2 Ra4 129.Rb3+ Kg4 130.Rc3 Kg5
131.Ke5 Kg4 132.Ne3+ Kf3 133.Nf5+ Kf2 134.Nd4 Ra8 135.Ke4 Ra4 136.Rd3 Rb4
137.Kf4 Ra4 138.Rd1 Ra2 139.Rh1 Kg2 140.Rh8 Ra4 141.Ke3 Ra3+ 142.Ke4 Ra4
143.Rg8+ Kf2 144.Rb8 Kg3 145.Rb2 Rc4 146.Rb3+ Kg4 147.Rb1 Kg3 148.Kd3 Ra4
149.Ne2+ 1/2-1/2

[Event "2. Bundesliga West 2010/11"]
[Site "Hohenems"]
[Date "2011.01.30"]
[Round "8"]
[Board "2"]
[White "Eybl, Alexander"]
[Black "Amann, Guenter"]
[Result "1/2-1/2"]
[WhiteElo "2278"]
[BlackElo "2336"]
[PlyCount "80"]
[EventDate "2010.10.15"]
[EventType "team"]
[EventRounds "11"]
[EventCountry "AUT"]
[WhiteTeam "Rochade Rum"]
[BlackTeam "Hohenems II"]

1.Nf3 c5 2.g3 Nc6 3.Bg2 e5 4.d3 g6 5.O-O Bg7 6.c4 Nge7 7.Nc3 O-O 8.a3 d6 9.Rb1
a5 10.Ne1 Be6 11.Nc2 d5 12.cxd5 Nxd5 13.Ne3 Nde7 14.Bd2 Rb8 15.Ne4 b6 16.b4 cxb4
17.axb4 axb4 18.Bxb4 Nxb4 19.Rxb4 Nc6 20.Rb1 Nd4 21.Nc3 Qd6 22.Nb5 Qc5 23.Nxd4
exd4 24.Nc2 Rfc8 25.Nb4 Qc3 26.Na6 Ra8 27.Bxa8 Rxa8 28.Rc1 Bb3 29.Rxc3 Bxd1
30.Rc6 Bxe2 31.Rxb6 Bxd3 32.Nc7 Rc8 33.Re1 Kf8 34.Nb5 Bc2 35.Nd6 Rd8 36.Rb7 d3
37.Rd7 Ra8 38.Ra7 Rd8 39.Rd7 Ra8 40.Ra7 Rd8 1/2-1/2

[Event "2. Bundesliga West 2010/11"]
[Site "Hohenems"]
[Date "2011.01.30"]
[Round "8"]
[Board "3"]
[White "Atlas, Dimitry"]
[Black "Hengl, Christian"]
[Result "1-0"]
[WhiteElo "2344"]
[BlackElo "2193"]
[PlyCount "81"]
[EventDate "2010.10.15"]
[EventType "team"]
[EventRounds "11"]
[EventCountry "AUT"]
[WhiteTeam "Hohenems II"]
[BlackTeam "Rochade Rum"]

1.e4 e6 2.d4 d5 3.e5 c5 4.c3 Nc6 5.Nf3 Bd7 6.Be2 f6 7.O-O Qc7 8.Re1 O-O-O 9.Bd3
h6 10.Be3 fxe5 11.Nxe5 Nxe5 12.dxe5 g5 13.Nd2 Bg7 14.f4 Ne7 15.Nf3 gxf4 16.Bxf4
Rdf8 17.Qd2 Bc6 18.b4 d4 19.cxd4 cxb4 20.a3 Qb6 21.axb4 Nd5 22.b5 Be8 23.Bg3 Bh5
24.Be4 Rd8 25.Qa5 Kb8 26.Qxb6 axb6 27.Rec1 Rd7 28.Ra4 Rhd8 29.h3 Nc7 30.Rca1
Bxf3 31.Bxf3 Rxd4 32.Ra7 Nd5 33.Ra8+ Kc7 34.Rxd8 Kxd8 35.Ra8+ Ke7 36.Rb8 Bf8
37.Rxb7+ Kd8 38.Rb8+ Ke7 39.Bh5 Nc7 40.Bf2 Rb4 41.Bxb6 1-0

[Event "2. Bundesliga West 2010/11"]
[Site "Hohenems"]
[Date "2011.01.30"]
[Round "8"]
[Board "4"]
[White "Jedinger, Andreas"]
[Black "Burschowsky, Matthias"]
[Result "1/2-1/2"]
[WhiteElo "2177"]
[BlackElo "2208"]
[PlyCount "57"]
[EventDate "2010.10.15"]
[EventType "team"]
[EventRounds "11"]
[EventCountry "AUT"]
[WhiteTeam "Rochade Rum"]
[BlackTeam "Hohenems II"]

1.e4 c5 2.Nf3 e6 3.d4 cxd4 4.Nxd4 a6 5.Nc3 Qc7 6.g3 Bb4 7.Bd2 Nf6 8.Bg2 O-O
9.O-O Nc6 10.Nxc6 bxc6 11.Re1 e5 12.Nd5 Nxd5 13.exd5 Bxd2 14.Qxd2 cxd5 15.Bxd5
Bb7 16.c4 Bxd5 17.Qxd5 Rab8 18.b3 d6 19.Rad1 Rb6 20.Qa5 Rc8 21.Rd5 h6 22.Red1
Qb8 23.Qd2 Rcc6 24.Qe3 Qa8 25.Qd2 Qb8 26.Qa5 Qc7 27.Qd2 Qb8 28.Qa5 Qc7 29.Qd2 1/2-1/2

[Event "2. Bundesliga West 2010/11"]
[Site "Hohenems"]
[Date "2011.01.30"]
[Round "8"]
[Board "5"]
[White "Sandholzer, Robert"]
[Black "Gatterer, Matthias"]
[Result "0-1"]
[WhiteElo "2095"]
[BlackElo "2072"]
[PlyCount "114"]
[EventDate "2010.10.15"]
[EventType "team"]
[EventRounds "11"]
[EventCountry "AUT"]
[WhiteTeam "Hohenems II"]
[BlackTeam "Rochade Rum"]

1.e4 e6 2.d4 d5 3.Nd2 c5 4.exd5 Qxd5 5.Ngf3 cxd4 6.Bc4 Qd6 7.O-O Nf6 8.Nb3 Nc6
9.Nbxd4 Nxd4 10.Nxd4 a6 11.Re1 Qc7 12.Bb3 Bd7 13.Qf3 Bd6 14.h3 O-O-O 15.Be3 Kb8
16.c4 e5 17.Nc2 Rhg8 18.a3 e4 19.Qe2 g5 20.c5 Bxc5 21.Bxc5 Qxc5 22.Bxf7 Rgf8
23.b4 Qb6 24.Bb3 g4 25.Qe3 Qxe3 26.Rxe3 gxh3 27.gxh3 Bf5 28.Rae1 Rd3 29.Rxd3
exd3 30.Ne3 Bxh3 31.Rd1 Ne4 32.Rxd3 Nxf2 33.Rd6 Ng4 34.Be6 Nxe3 35.Bxh3 Nc4
36.Rd7 Rc8 37.Rxh7 Rc7 38.Rh8+ Ka7 39.a4 Nb2 40.b5 Nxa4 41.bxa6 Kxa6 42.Bc8 Ka7
43.Bxb7 Kxb7 44.Kg2 Rc3 45.Rh3 Rc5 46.Rd3 Re5 47.Kf3 Nc5 48.Re3 Rf5+ 49.Kg4 Rf7
50.Rf3 Re7 51.Kf4 Kc6 52.Re3 Rf7+ 53.Ke5 Nd7+ 54.Ke6 Rf2 55.Rc3+ Nc5+ 56.Ke5
Re2+ 57.Kd4 Re4# 0-1

[Event "2. Bundesliga West 2010/11"]
[Site "Hohenems"]
[Date "2011.01.30"]
[Round "8"]
[Board "6"]
[White "Steger, Gerhard"]
[Black "Hofer, Emilian"]
[Result "0-1"]
[WhiteElo "2011"]
[BlackElo "1772"]
[PlyCount "118"]
[EventDate "2010.10.15"]
[EventType "team"]
[EventRounds "11"]
[EventCountry "AUT"]
[WhiteTeam "Rochade Rum"]
[BlackTeam "Hohenems II"]

1.e4 e5 2.Nc3 Nf6 3.f4 d6 4.Nf3 Nc6 5.Bb5 exf4 6.d4 Bd7 7.Bxf4 a6 8.Be2 Be7
9.O-O O-O 10.d5 Nb8 11.h3 Bc8 12.Nd4 h6 13.Qd2 Re8 14.Bxh6 gxh6 15.Qxh6 Bf8
16.Qh4 Bg7 17.Nf5 Bxf5 18.Rxf5 Nbd7 19.Bd3 Re5 20.Raf1 Rxf5 21.Rxf5 Ne5 22.g4
Nxd3 23.cxd3 Nd7 24.Qf2 Qe7 25.g5 Re8 26.h4 Ne5 27.Qg3 c6 28.h5 Nd7 29.dxc6 bxc6
30.Ne2 Be5 31.Qh3 Nf8 32.Qg4 c5 33.g6 fxg6 34.hxg6 Qg7 35.b3 Qh6 36.Rh5 Qe3+
37.Kg2 Qxd3 38.g7 Bxg7 39.Ng3 Qd4 40.Rd5 Qb2+ 41.Kh3 Re6 42.Nf5 Qc3+ 43.Kh2 Qf6
44.Nh4 Qf2+ 45.Kh3 Qe3+ 46.Kg2 Qxe4+ 47.Qxe4 Rxe4 48.Nf5 Re5 49.Rxd6 Rxf5
50.Rxa6 Bd4 51.a4 Rf2+ 52.Kg3 Rb2 53.Kf4 Rxb3 54.Ke4 Nd7 55.a5 Ra3 56.Ra7 Nf6+
57.Kf5 c4 58.Rb7 Rxa5+ 59.Kg6 Kf8 0-1

[Event "2. Bundesliga West 2010/11"]
[Site "Hohenems"]
[Date "2011.01.30"]
[Round "8"]
[Board "1"]
[White "Novkovic, Milan"]
[Black "Dizdar, Goran"]
[Result "0-1"]
[WhiteElo "2386"]
[BlackElo "2555"]
[PlyCount "156"]
[EventDate "2010.10.15"]
[EventType "team"]
[EventRounds "11"]
[EventCountry "AUT"]
[WhiteTeam "Dornbirn"]
[BlackTeam "SC Absam"]

1.d4 Nf6 2.c4 e6 3.Nc3 Bb4 4.Qc2 O-O 5.a3 Bxc3+ 6.Qxc3 d6 7.Bg5 h6 8.Bxf6 Qxf6
9.Nf3 a5 10.e3 Re8 11.Be2 e5 12.dxe5 dxe5 13.O-O a4 14.c5 Nc6 15.Nd2 Bf5 16.Rfd1
Qe7 17.Bb5 Red8 18.Nf1 Bd7 19.Rd5 Be6 20.Rxd8+ Nxd8 21.Rc1 Bd5 22.Ng3 Bc6 23.Qb4
Qd7 24.Be2 Ne6 25.Qc3 Rd8 26.Nf1 Qe7 27.Qxe5 Rd5 28.Qc3 Rxc5 29.Qe1 Qf6 30.Rxc5
Nxc5 31.Qb4 Nb3 32.Bc4 Qg6 33.Ng3 Qb1+ 34.Nf1 Qg6 35.Ng3 Qb1+ 36.Nf1 Qxb2 37.Qe7
Qf6 38.Qxc7 Nc5 39.f3 g6 40.h3 Nd7 41.Bd5 Bxd5 42.Qxd7 Bc6 43.Qd2 Bb5 44.Qb4
Bxf1 45.Kxf1 Qa1+ 46.Kf2 Qa2+ 47.Kg3 Qb3 48.Qe7 b5 49.Qd8+ Kh7 50.Qf6 h5 51.Kh2
Qe6 52.Qd4 Qc4 53.Qf6 Kg8 54.Qe7 Qc3 55.f4 Kg7 56.e4 Qf6 57.Qc7 h4 58.f5 gxf5
59.e5 Qg5 60.Qd6 f4 61.Kh1 Qf5 62.Qd4 Kg6 63.Kg1 Qg5 64.Kf1 Qf5 65.Kg1 f3
66.gxf3 Qxf3 67.Qxh4 Qd1+ 68.Kf2 Qd2+ 69.Kf1 Qc1+ 70.Kf2 Qc2+ 71.Ke1 Qc3+ 72.Kf1
Qc4+ 73.Qxc4 bxc4 74.Ke2 Kf5 75.Kd2 Kxe5 76.Kc3 Kf4 77.Kxc4 Kg3 78.Kd4 f5 0-1

[Event "2. Bundesliga West 2010/11"]
[Site "Hohenems"]
[Date "2011.01.30"]
[Round "8"]
[Board "2"]
[White "Schmittdiel, Eckhard"]
[Black "Szakolczai, Peter"]
[Result "1-0"]
[WhiteElo "2485"]
[BlackElo "2296"]
[PlyCount "81"]
[EventDate "2010.10.15"]
[EventType "team"]
[EventRounds "11"]
[EventCountry "AUT"]
[WhiteTeam "SC Absam"]
[BlackTeam "Dornbirn"]

1.e4 c5 2.c3 d5 3.exd5 Qxd5 4.d4 Nc6 5.Nf3 Bg4 6.Be2 e6 7.h3 Bh5 8.O-O Nf6 9.Be3
cxd4 10.cxd4 Be7 11.Nc3 Qd6 12.Qd2 O-O 13.Bf4 Qd8 14.Rfd1 Nd5 15.Bg3 Rc8 16.Ne4
Bg6 17.Bd3 Qb6 18.Nd6 Rcd8 19.Nc4 Qb4 20.Bxg6 hxg6 21.Qe2 Na5 22.Nce5 Bf6
23.Rac1 Rfe8 24.Rc5 a6 25.Rdc1 Bxe5 26.dxe5 b6 27.R5c2 b5 28.Ng5 Nc4 29.a3 Qe7
30.Qg4 f6 31.exf6 gxf6 32.Nf3 Qg7 33.Re2 e5 34.a4 f5 35.Qg5 e4 36.Nh4 Kh7
37.axb5 axb5 38.b3 Na5 39.Ra2 Nxb3 40.Rc6 Ne7 41.Ra7 1-0

[Event "2. Bundesliga West 2010/11"]
[Site "Hohenems"]
[Date "2011.01.30"]
[Round "8"]
[Board "3"]
[White "Novkovic, Julia"]
[Black "De, Francesco Klaus"]
[Result "0-1"]
[WhiteElo "2157"]
[BlackElo "2290"]
[PlyCount "36"]
[EventDate "2010.10.15"]
[EventType "team"]
[EventRounds "11"]
[EventCountry "AUT"]
[WhiteTeam "Dornbirn"]
[BlackTeam "SC Absam"]

1.e4 e6 2.d4 d5 3.exd5 exd5 4.Bd3 c5 5.Qe2+ Be7 6.Bb5+ Nc6 7.Bg5 h6 8.Bxe7 Ngxe7
9.Nf3 O-O 10.O-O Bg4 11.dxc5 Nd4 12.Qd3 Nxf3+ 13.gxf3 Bh3 14.Rd1 a6 15.Ba4 Ng6
16.Qe3 Qf6 17.Nc3 Nf4 18.Kh1 Qg5 0-1

[Event "2. Bundesliga West 2010/11"]
[Site "Hohenems"]
[Date "2011.01.30"]
[Round "8"]
[Board "4"]
[White "Duer, Werner"]
[Black "Karrer, Damian"]
[Result "1-0"]
[WhiteElo "2262"]
[BlackElo "2194"]
[PlyCount "125"]
[EventDate "2010.10.15"]
[EventType "team"]
[EventRounds "11"]
[EventCountry "AUT"]
[WhiteTeam "SC Absam"]
[BlackTeam "Dornbirn"]

1.d4 d5 2.Nf3 Nf6 3.c4 c6 4.e3 g6 5.Nc3 Bg7 6.h3 O-O 7.Bd3 a6 8.O-O dxc4 9.Bxc4
b5 10.Bb3 Bb7 11.Qe2 c5 12.Rd1 Qc7 13.a3 Nbd7 14.d5 Rad8 15.e4 c4 16.Bc2 Nc5
17.Bg5 Rd7 18.Qe3 Rc8 19.Bf4 Qa5 20.Ne5 Rdd8 21.Bg3 Ne8 22.f4 e6 23.dxe6 Nxe6
24.Nd5 Bxd5 25.exd5 Bf8 26.Kh1 Bc5 27.Qc1 Nd4 28.Rxd4 Bxd4 29.Nc6 Qb6 30.Bh4 Nf6
31.Ne7+ Kg7 32.Nxc8 Rxc8 33.f5 Nxd5 34.fxg6 hxg6 35.Qg5 Bxb2 36.Rf1 Qe6 37.Bf5
Qe2 38.Re1 Bf6 39.Rxe2 Bxg5 40.Bxc8 Bxh4 41.Bxa6 Nc7 42.Bb7 Bg5 43.Re5 Bf4
44.Rc5 Bd6 45.Rc6 Ne8 46.Ba6 Bxa3 47.Bxb5 Nd6 48.Bxc4 Nxc4 49.Rxc4 g5 50.g3 Kg6
51.Kg2 Bb2 52.Rc6+ Kg7 53.Kf3 f6 54.Kg4 Kg6 55.Kf3 Be5 56.g4 Bb2 57.Ke4 Ba1
58.Kd5 Bb2 59.Ke6 Ba3 60.Rc8 Kg7 61.Kf5 Be7 62.Rc7 Kh6 63.Rd7 1-0

[Event "2. Bundesliga West 2010/11"]
[Site "Hohenems"]
[Date "2011.01.30"]
[Round "8"]
[Board "5"]
[White "Kanonier, Clemens"]
[Black "Natter, Siegfried"]
[Result "0-1"]
[WhiteElo "2122"]
[BlackElo "2245"]
[PlyCount "62"]
[EventDate "2010.10.15"]
[EventType "team"]
[EventRounds "11"]
[EventCountry "AUT"]
[WhiteTeam "Dornbirn"]
[BlackTeam "SC Absam"]

1.e4 c5 2.Nf3 e6 3.d4 cxd4 4.Nxd4 a6 5.Nc3 b5 6.Bd3 Qb6 7.Nb3 Bb7 8.O-O d6 9.a4
b4 10.a5 Qc7 11.Na4 Nc6 12.Be3 Nf6 13.Nb6 Rb8 14.f4 Be7 15.Qe2 O-O 16.Nd2 Rbd8
17.Nbc4 Qb8 18.Bb6 d5 19.exd5 Rxd5 20.Ne4 Nd4 21.Qf2 Nf5 22.Nxf6+ Bxf6 23.Rad1
g6 24.Be2 Rc8 25.b3 Ne7 26.Bf3 Rxd1 27.Rxd1 Nd5 28.g3 Be7 29.Kg2 Nxb6 30.Qxb6
Bxf3+ 31.Kxf3 Qa8+ 0-1

[Event "2. Bundesliga West 2010/11"]
[Site "Hohenems"]
[Date "2011.01.30"]
[Round "8"]
[Board "6"]
[White "Gerhold, Michael"]
[Black "Kessler, Luca"]
[Result "1/2-1/2"]
[WhiteElo "2237"]
[BlackElo "2097"]
[PlyCount "136"]
[EventDate "2010.10.15"]
[EventType "team"]
[EventRounds "11"]
[EventCountry "AUT"]
[WhiteTeam "SC Absam"]
[BlackTeam "Dornbirn"]

1.Nf3 d5 2.d4 Nf6 3.c4 e6 4.Nc3 Bb4 5.cxd5 exd5 6.Bg5 h6 7.Bh4 g5 8.Bg3 Ne4
9.Nd2 Nxd2 10.Qxd2 Nc6 11.e3 Bf5 12.Bb5 a6 13.Bxc6+ bxc6 14.a3 Bd6 15.Rc1 Kf8
16.Na4 Kg7 17.Qa5 Bxg3 18.hxg3 Qd6 19.Qc5 Rhb8 20.O-O Bd3 21.Rfd1 Bc4 22.Rxc4
dxc4 23.Qxc4 Rb5 24.Rc1 Rab8 25.Qxc6 Qxc6 26.Rxc6 Ra5 27.Rc4 Kf8 28.Kf1 c6
29.Ke2 Ke7 30.Kd3 Kd6 31.Kc3 Rab5 32.b4 a5 33.Nc5 axb4+ 34.axb4 Ra8 35.Ne4+ Kd7
36.Nf6+ Kc7 37.d5 Ra6 38.e4 c5 39.e5 Ra3+ 40.Kc2 Ra4 41.Rxc5+ Rxc5+ 42.bxc5 Rc4+
43.Kd3 Rxc5 44.Kd4 Rc1 45.Ng4 h5 46.Ne3 Ra1 47.Ke4 Ra2 48.f4 g4 49.f5 Ra4+
50.Kd3 Ra3+ 51.Kd4 Ra4+ 52.Nc4 Ra2 53.e6 fxe6 54.fxe6 Rxg2 55.d6+ Kd8 56.Ne5
Rd2+ 57.Kc5 Rc2+ 58.Kb4 Rd2 59.Nf7+ Ke8 60.d7+ Rxd7 61.exd7+ Kxd7 62.Kc5 Ke6
63.Nd6 h4 64.gxh4 g3 65.Ne4 g2 66.Ng5+ Kf5 67.Nf3 Kg4 68.Ng1 Kxh4 1/2-1/2